Statistics for Capital Cities Anagram Puzzle #3

Click here to take the quiz!

General Stats

  • This quiz has been taken 399 times
  • The average score is 12 of 21

Answer Stats

HintAnswer% Correct
BRATSRabat
94%
CUREASucre
83%
MAMAUAmman
79%
BISONYLisbon
78%
DIRAMIMadrid
78%
GRAPELPrague
70%
PAIRNPraia
67%
TRAINSTirana
64%
TOWELLINGBWellington
63%
SAUNABNassau
62%
ANIMEANiamey
62%
PIETAJTaipei
62%
ALAMOIMalabo
56%
GLARESJAlgiers
46%
AMOURDMajuro
46%
BUTCHERSNBucharest
45%
ARRESTEESBasseterre
40%
KNOWINGSAKingstown
39%
SEASONRSan José
28%
OFTENERTFreetown
24%
PIVOTALWPort Vila
19%

Score Distribution

Percentile by Number Answered

Percent of People with Each Score

Your Score History

You have not taken this quiz